000
00342nam a22001457a 4500
020
_a
81-85680-03-5
041
_a
ENG
100
_a
Somani .L.L
245
_a
Management Of Salt- Affe cted Soils And Waters
260
_a
Udaipur
_b
Apex Computing Centre
_c
1993
300
_a
381
650
_a
IDE
700
_a
Totawat .K .L
856
_u
IDE
999
_c
543
_d
543